000 00547nam a2200181Ia 4500
005 20250508150333.0
008 008 250505s9999 xx 000 0 eng d
037 _aTextual
040 _aFEDL
_beng
_cFEDL
041 _aeng
_2eng
084 _a741.7, DOU
_qFEDL
100 _aDoust L A
_948713
245 0 _aSimple sketching in line: How to turn your ideas and impressions into pictures
260 _aLondon, UK
_bFrederick Warne and Co Ltd
_c1945
300 _avi,87p
942 _cTEXL
_h741.7, DOU
999 _c1323078
_d1323078